000
00334nam a2200133Ia 4500
008
240624s9999 xx 000 0 und d
041
_a
eng
082
_a
005.74 KIM
100
_a
KIM SHIHO
245
_a
ADVANCED APPLICATIONS OF BLOCKCHAIN TECH
260
_c
2020
_a
Singapore
_b
Springer
300
_a
278p. ;23cm.
365
_c
ERU
_b
33
999
_c
32549
_d
32549